[Event "AUTO-OPEN-3973"]
[Site "http://www.queenalice.com/game.php?id=1541637"]
[Date "2018.9.8"]
[Round "1"]
[White "favazza2007"]
[Black "Canaye"]
[Result "1-0"]
[WhiteElo "2104"]
[BlackElo "1812"]

1. Nf3 e6 2. g3 d5 3. Bg2 c5 4. O-O Nc6 5. b3 Bd6 6. Bb2 Nf6 7. d3 O-O 8. Nbd2
Qc7 9. Bxf6 gxf6 10. e4 f5 11. exd5 Ne7 12. dxe6 fxe6 13. Nc4 Rd8 14. Qc1 Ng6
15. Nxd6 Rxd6 16. Qg5 Qe7 17. h4 Qxg5 18. Nxg5 Rb8 19. Rfe1 b5 20. Re2 Bd7 21.
Rae1 Re8 22. h5 Nf8 23. Nf3 h6 24. Ne5 Kh7 25. Nxd7 Rxd7 26. Bh3 Rf7 27. Bg2 Rf6
28. Re5 Nd7 29. Rd5 Rf7 30. Rd6 e5 31. Bc6 Rf6 32. Rxf6 Nxf6 33. Bxe8 Nxe8 34.
Rxe5 Nf6 35. Rxf5 1-0

[Event "AUTO-OPEN-3973"]
[Site "http://www.queenalice.com/game.php?id=1541646"]
[Date "2018.9.8"]
[Round "1"]
[White "Spiritus"]
[Black "favazza2007"]
[Result "1-0"]
[WhiteElo "2363"]
[BlackElo "2113"]

1. e4 d5 2. exd5 Nf6 3. d4 Qxd5 4. Nf3 Bg4 5. Be2 Nc6 6. h3 Bh5 7. c4 Qd7 8. g4
Bg6 9. d5 Nb8 10. Ne5 Qc8 11. Nc3 e6 12. Nxg6 hxg6 13. g5 Nh5 14. Bg4 f5 15.
gxf6 gxf6 16. Bxe6 Qd8 17. Qg4 g5 18. Bd2 Bd6 19. Qf5 Qe7 20. O-O-O Rh6 21. Rde1
Be5 22. Rxe5 fxe5 23. Bxg5 Ng7 24. Qxe5 Rxe6 25. dxe6 Nc6 26. Bxe7 Nxe5 27. Bf6
Nd3+ 28. Kc2 Nxf2 29. Rh2 Nxe6 30. Rxf2 Kd7 31. Rd2+ Kc6 32. b4 b6 33. h4 Rf8
34. Bg5 Rg8 35. Rd5 Kb7 36. Ne4 Nxg5 37. Rxg5 Rh8 38. h5 a5 39. a3 axb4 40. axb4
Re8 41. Rg4 1-0

[Event "AUTO-OPEN-3973"]
[Site "http://www.queenalice.com/game.php?id=1541647"]
[Date "2018.9.8"]
[Round "1"]
[White "favazza2007"]
[Black "Spiritus"]
[Result "0-1"]
[WhiteElo "2117"]
[BlackElo "2375"]

1. Nf3 Nf6 2. g3 d5 3. Bg2 c6 4. O-O Bg4 5. d3 Nbd7 6. Ne1 e5 7. Nd2 Bc5 8. Ndf3
Qb6 9. a3 e4 10. dxe4 dxe4 11. Nh4 Qa6 12. Nhf3 exf3 13. exf3 Be6 14. Be3 Bxe3
15. fxe3 Nd5 16. Kf2 Nxe3 17. Kxe3 Ne5 18. Qe2 Qb6+ 19. Kd2 Qxb2 20. Nd3 Nc4+
21. Ke1 Qxa1+ 22. Kf2 Qxa3 23. Kg1 O-O-O 24. Rd1 Rhe8 25. Qf1 Bf5 26. Ra1 Bxd3
27. cxd3 Qxd3 28. Bh3+ Kc7 29. Rxa7 Re2 30. Kh1 Nd2 31. Qa1 Qxf3+ 32. Kg1 Qf2+
33. Kh1 Qxh2# 0-1

[Event "AUTO-OPEN-3891"]
[Site "http://www.queenalice.com/game.php?id=1610157"]
[Date "2020.4.30"]
[Round "2"]
[White "favazza2007"]
[Black "sia"]
[Result "0-1"]
[WhiteElo "1973"]
[BlackElo "1804"]

1. Nf3 d5 2. g3 e6 3. Bg2 Nc6 4. O-O Nf6 5. b3 Bd6 6. Ba3 O-O 7. Bxd6 cxd6 8. e3
a6 9. Nc3 Ne4 10. Nxe4 dxe4 11. Nd4 d5 12. c3 Nxd4 13. cxd4 b5 14. d3 exd3 15.
Qxd3 Bb7 16. a4 b4 17. Rfc1 a5 18. Rc5 Ba6 19. Qd2 Qb6 20. Rac1 Rfc8 21. Rxc8+
Rxc8 22. Rxc8+ Bxc8 23. Bf1 Qc6 24. Bb5 Qc3 25. Qxc3 bxc3 26. Bd3 f6 27. Bc2 e5
28. dxe5 fxe5 29. f3 d4 30. Kf2 Ba6 31. exd4 exd4 32. Ke1 d3 33. Bd1 d2+ 34. Kf2
Bd3 35. Ke3 Bg6 36. g4 c2 37. Kxd2 cxd1=N 38. Kxd1 Kf7 39. Kd2 Ke6 40. Kc3 Kd5
41. b4 axb4+ 42. Kxb4 Kc6 43. a5 Bd3 44. f4 h6 45. g5 hxg5 46. fxg5 Kd6 47. h4
g6 48. Kc3 Ba6 49. Kd4 Bb7 50. Ke3 Ke5 51. a6 Bxa6 52. Kf3 Kf5 53. Kg3 Be2 54.
Kf2 Bh5 55. Kg3 Ke4 56. Kg2 Kf4 57. Kh3 Kf3 58. Kh2 Kg4 59. Kg2 Kxh4 0-1

[Event "AUTO-OPEN-3891"]
[Site "http://www.queenalice.com/game.php?id=1610158"]
[Date "2020.4.30"]
[Round "2"]
[White "sia"]
[Black "favazza2007"]
[Result "1-0"]
[WhiteElo "1813"]
[BlackElo "1950"]

1. e4 d5 2. exd5 Nf6 3. c4 e6 4. dxe6 Bxe6 5. b3 Bb4 6. Nf3 O-O 7. Be2 Nc6 8.
O-O Nd4 9. d3 Nxe2+ 10. Qxe2 Re8 11. Be3 Ng4 12. a3 Bd6 13. Nd4 Nxh2 14. Rd1 Ng4
15. Nxe6 Qh4 16. f3 Qh2+ 17. Kf1 Nxe3+ 18. Qxe3 Rxe6 19. Qg1 Qxg1+ 20. Kxg1 Bg3
21. Nd2 f5 22. Nf1 f4 23. Nxg3 fxg3 24. Re1 Rae8 25. Re4 Rxe4 26. dxe4 Rd8 27.
b4 Rd2 28. c5 Kf7 29. a4 Rb2 30. b5 Ke6 31. Rd1 Ra2 32. Kf1 Rxa4 33. Rd5 Rb4 34.
c6 bxc6 35. bxc6 Rc4 36. Rg5 Rxc6 37. Rxg3 Kf6 38. Rh3 h6 39. Rh5 Kg6 40. Ra5 a6
41. Kf2 Kf6 42. g4 g6 43. e5+ Ke6 44. f4 Kd7 45. f5 gxf5 46. gxf5 Rb6 47. f6 Ke6
48. Kf3 Kf7 49. Kg4 Kg6 50. Rc5 Rb4+ 51. Kf3 Rb7 52. Ke4 h5 53. Kd5 Rb5 54. Rxb5
axb5 55. Ke6 b4 56. Ke7 b3 57. f7 b2 58. f8=Q b1=Q 59. Qg8+ Kf5 60. Qh7+ 1-0

[Event "AUTO-MASTER-3014"]
[Site "http://www.queenalice.com/game.php?id=1637091"]
[Date "2020.12.20"]
[Round "1"]
[White "Donyelko"]
[Black "favazza2007"]
[Result "1-0"]
[WhiteElo "1953"]
[BlackElo "2048"]

1. e4 d5 2. exd5 Nf6 3. Bb5+ Bd7 4. Bxd7+ Qxd7 5. c4 e6 6. dxe6 Qxe6+ 7. Qe2 Bc5
8. Qxe6+ fxe6 9. d3 O-O 10. Nf3 Ng4 11. O-O Nc6 12. h3 Nge5 13. Nxe5 Nxe5 14.
Be3 Bxe3 15. fxe3 Nxd3 16. b3 Nb4 17. Na3 a6 18. c5 Rxf1+ 19. Kxf1 Rd8 20. Nc4
Rd5 21. a3 Nc6 22. b4 Ne5 23. Nxe5 Rxe5 24. Ke2 Kf7 25. Rd1 Rd5 26. Rd4 g5 27.
g4 c6 28. Kf3 e5 29. Rxd5 cxd5 30. Ke2 e4 31. a4 Ke6 32. Kd2 h6 33. Kc3 Kd7 34.
b5 axb5 35. axb5 Ke7 36. Kd4 Ke6 37. b6 Ke7 38. Kxd5 Kd7 39. Kxe4 Kc6 40. Kd4
Kd7 41. Kd5 Ke7 42. e4 Kf7 43. Kd6 Kg6 44. c6 bxc6 45. b7 h5 46. b8=Q 1-0

[Event "AUTO-MASTER-3014"]
[Site "http://www.queenalice.com/game.php?id=1637092"]
[Date "2020.12.20"]
[Round "1"]
[White "favazza2007"]
[Black "Donyelko"]
[Result "1/2-1/2"]
[WhiteElo "2052"]
[BlackElo "1949"]

1. Nf3 Nc6 2. g3 g6 3. Bg2 Bg7 4. O-O Nf6 5. Nc3 O-O 6. b3 e5 7. Ba3 d6 8. Rb1
Be6 9. Ng5 Bf5 10. e4 Bd7 11. h4 Bh6 12. Nf3 a6 13. d4 b5 14. dxe5 Nxe5 15. Nxe5
dxe5 16. Bxf8 Kxf8 17. Nd5 Nxd5 18. exd5 Rb8 19. c4 b4 20. d6 c5 21. Qd5 Bf5 22.
Qxe5 Bg7 23. Qxc5 Bxb1 24. Rxb1 Kg8 25. Bh3 Bf8 26. Rd1 Rb6 27. Qe5 Rxd6 28.
Rxd6 Bxd6 29. Qd5 Qc7 30. Qa8+ Kg7 31. Qxa6 Bxg3 32. fxg3 Qxg3+ 33. Bg2 Qe1+ 34.
Kh2 Qxh4+ 35. Kg1 Qe1+ 36. Bf1 Qg3+ 37. Bg2 Qe1+ 38. Kh2 Qh4+ 1/2-1/2

[Event "AUTO-MASTER-3014"]
[Site "http://www.queenalice.com/game.php?id=1637103"]
[Date "2020.12.20"]
[Round "1"]
[White "Kant"]
[Black "favazza2007"]
[Result "1-0"]
[WhiteElo "2329"]
[BlackElo "2001"]

1. Nf3 Nc6 2. e4 e6 3. d4 d5 4. Nc3 Bb4 5. e5 Nge7 6. a3 Bxc3+ 7. bxc3 Bd7 8.
Bd3 h6 9. O-O Nf5 10. c4 Ncxd4 11. Nxd4 Nxd4 12. Qg4 dxc4 13. Qxg7 Rf8 14. Bxh6
Qe7 15. Bxc4 Nxc2 16. Bg5 Qxg5 17. Qxg5 Nxa1 18. Rxa1 Rh8 19. h4 Kf8 20. Qf6 Rg8
21. h5 a6 22. h6 Bc6 23. Bxe6 Rxg2+ 24. Kf1 Kg8 25. Qxf7+ Kh8 26. Qf6+ Kh7 27.
Bf5+ Kg8 28. h7# 1-0

[Event "AUTO-MASTER-3014"]
[Site "http://www.queenalice.com/game.php?id=1637104"]
[Date "2020.12.20"]
[Round "1"]
[White "favazza2007"]
[Black "Kant"]
[Result "0-1"]
[WhiteElo "1998"]
[BlackElo "2331"]

1. g3 Nf6 2. Bg2 e5 3. Nf3 Nc6 4. O-O d5 5. b3 Be7 6. Ba3 Bxa3 7. Nxa3 e4 8. Ne1
Qe7 9. Nb5 a6 10. Nc3 d4 11. Na4 Bf5 12. d3 O-O-O 13. dxe4 Nxe4 14. Bxe4 Bxe4
15. f3 Bg6 16. Nd3 h5 17. Nf4 h4 18. Nxg6 Qe3+ 19. Kg2 fxg6 20. Qd3 Qh6 21. g4
Nb4 22. Qc4 Nd5 23. Kh1 Ne3 24. Qc5 Nxf1 25. Rxf1 Qe3 26. Nb6+ Kb8 27. Nd5 Qxe2
28. Qxc7+ Ka8 29. Nb6+ Ka7 30. Qc4 d3 31. Kg1 h3 32. Rf2 Qe1+ 33. Rf1 d2 34. Qc5
Qxf1+ 35. Kxf1 d1=Q+ 36. Kf2 Rd2+ 37. Kg3 Rg2+ 38. Kf4 Qd2+ 39. Ke5 Re8+ 0-1

[Event "AUTO-MASTER-3014"]
[Site "http://www.queenalice.com/game.php?id=1637111"]
[Date "2020.12.20"]
[Round "1"]
[White "favazza2007"]
[Black "CCapivara"]
[Result "0-1"]
[WhiteElo "2082"]
[BlackElo "2126"]

1. Nf3 d5 2. g3 c5 3. Bg2 Nc6 4. O-O e5 5. b3 f6 6. Bb2 Be6 7. e3 Qd7 8. Nc3
O-O-O 9. Rb1 Bh3 10. Ne1 Bxg2 11. Nxg2 h5 12. f4 d4 13. Ne2 dxe3 14. dxe3 Qh3
15. Qe1 Nh6 16. Nh4 Ng4 17. Rf2 c4 18. Qf1 Nxf2 19. Qxf2 Bc5 20. fxe5 Nxe5 21.
Qf5+ Qxf5 22. Nxf5 g6 23. Nfd4 Ng4 24. Bc1 Rhe8 25. bxc4 Nxe3 26. Bxe3 Rxe3 27.
c3 Rxe2 28. Kh1 Bxd4 29. cxd4 Rxd4 30. c5 Rdd2 0-1

[Event "AUTO-MASTER-3014"]
[Site "http://www.queenalice.com/game.php?id=1637112"]
[Date "2020.12.20"]
[Round "1"]
[White "CCapivara"]
[Black "favazza2007"]
[Result "1-0"]
[WhiteElo "2135"]
[BlackElo "2068"]

1. e4 d5 2. exd5 Nf6 3. Bb5+ Bd7 4. Bxd7+ Nbxd7 5. c4 e6 6. dxe6 fxe6 7. Nf3 Bd6
8. O-O O-O 9. d4 Ng4 10. h3 Rxf3 11. Qxf3 Nh2 12. Qe2 Nxf1 13. Qxe6+ Kf8 14.
Kxf1 Qe7 15. Qxe7+ Bxe7 16. Nc3 c6 17. Bf4 Re8 18. Re1 Bf6 19. Rxe8+ Kxe8 20.
Be3 b6 21. Ke2 Ke7 22. Kd3 c5 23. Nd5+ Ke6 24. Nxf6 gxf6 25. dxc5 bxc5 26. Ke4
f5+ 27. Kf4 Kf6 28. f3 a5 29. g4 fxg4 30. fxg4 Kg6 31. a4 h6 32. Bd2 Kf6 33.
Bxa5 Nb8 34. h4 Nc6 35. Bc3+ Ke6 36. g5 hxg5+ 37. hxg5 Ne7 38. a5 Nc6 39. g6 Ne7
40. g7 Kf7 41. a6 Nc6 42. Ke4 Na7 43. Kd5 Nc8 44. Kxc5 Kg8 45. Kc6 Ne7+ 46. Kb7
Nf5 47. a7 Nxg7 48. a8=Q+ 1-0

[Event "AUTO-OPEN-4240"]
[Site "http://www.queenalice.com/game.php?id=1637172"]
[Date "2020.12.21"]
[Round "1"]
[White "albertopontello"]
[Black "favazza2007"]
[Result "1/2-1/2"]
[WhiteElo "2023"]
[BlackElo "1988"]

1. d4 d6 2. e3 e5 3. d5 Nf6 4. Nc3 Be7 5. f3 O-O 6. e4 c6 7. Bc4 b5 8. Bb3 cxd5
9. Nxd5 Bb7 10. Nxe7+ Qxe7 11. Be3 Nc6 12. Ne2 a5 13. a3 a4 14. Ba2 Na5 15. b3
axb3 16. cxb3 Nc6 17. b4 Rfd8 18. g4 d5 19. exd5 Rxa3 20. Bc5 Qd7 21. d6 Rxf3
22. h3 Nd4 23. Nxd4 exd4 24. Qxd4 Re8+ 25. Kd2 Ne4+ 26. Ke2 Ng3+ 27. Kd2 Nxh1
28. Rxh1 Rf5 29. gxf5 Bxh1 30. Bb1 Bf3 31. Bd3 Ra8 32. Qh4 f6 33. Qg3 Bd5 34.
Bd4 Kf8 35. Bc5 Ra2+ 36. Kc1 Rg2 37. Bxb5 Qxf5 38. d7+ Kf7 39. Qxg2 Bxg2 40.
d8=Q Qf4+ 41. Kb2 Qe5+ 42. Qd4 Bxh3 43. Ka3 Qxd4 44. Bxd4 Bg2 45. Bd3 h5 46. Bf2
g5 47. Bc4+ Kg6 48. b5 h4 49. b6 h3 50. Bg3 Bb7 51. Kb4 f5 52. Kc5 f4 53. Bh2
Kf5 54. Bd5 Ba6 55. b7 Bxb7 56. Bxb7 g4 57. Bg1 Kg5 58. Kd5 g3 59. Ke5 h2 60.
Bxh2 gxh2 61. Bh1 Kg4 62. Ke4 Kg3 63. Bf3 Kf2 64. Kxf4 Kg1 65. Kg3 h1=N+ 66.
Bxh1 Kxh1 67. Kh3 1/2-1/2

[Event "AUTO-OPEN-4240"]
[Site "http://www.queenalice.com/game.php?id=1637173"]
[Date "2020.12.21"]
[Round "1"]
[White "favazza2007"]
[Black "albertopontello"]
[Result "0-1"]
[WhiteElo "2019"]
[BlackElo "1976"]

1. Nf3 Nc6 2. g3 e6 3. Bg2 d5 4. O-O f6 5. b3 e5 6. Ba3 Bxa3 7. Nxa3 a6 8. c4 d4
9. e3 d3 10. Ne1 Nh6 11. Qb1 Nb4 12. c5 Qe7 13. Nxd3 Bf5 14. e4 Nxd3 15. Qxd3
Bd7 16. Rfc1 Be6 17. b4 O-O 18. Nc4 Qf7 19. Ne3 Rad8 20. Qc3 Rd7 21. Nd5 Qh5 22.
Bf3 Bg4 23. Bxg4 Nxg4 24. h4 g5 25. Ne3 gxh4 26. Nxg4 Qxg4 27. Qe3 Qh3 28. Qh6
Rg7 29. Qxh4 Qxh4 0-1

[Event "AUTO-OPEN-4240"]
[Site "http://www.queenalice.com/game.php?id=1637194"]
[Date "2020.12.21"]
[Round "1"]
[White "MackMendes"]
[Black "favazza2007"]
[Result "1-0"]
[WhiteElo "2224"]
[BlackElo "1995"]

1. d4 d6 2. c4 Nf6 3. Nc3 e5 4. dxe5 dxe5 5. Qxd8+ Kxd8 6. Nf3 Nc6 7. Bg5 Be7 8.
O-O-O+ Bd7 9. e4 Kc8 10. h3 h6 11. Bh4 Ng8 12. Bg3 f6 13. Nh4 Bd6 14. Ng6 Rh7
15. a3 Be8 16. Nh4 Nge7 17. b4 g5 18. Nf3 Ng6 19. h4 Nxh4 20. Nxh4 gxh4 21. Bxh4
Be7 22. Nd5 Bd8 23. Nxf6 Bxf6 24. Bxf6 Rd7 25. Rxd7 Kxd7 26. Rxh6 Bf7 27. Be2
Rg8 28. g4 Rg6 29. g5 Rxh6 30. gxh6 Bg6 31. Bg4+ Ke8 32. Bh5 Kf7 33. h7 Kxf6 34.
h8=Q+ 1-0

[Event "AUTO-OPEN-4240"]
[Site "http://www.queenalice.com/game.php?id=1637195"]
[Date "2020.12.21"]
[Round "1"]
[White "favazza2007"]
[Black "MackMendes"]
[Result "0-1"]
[WhiteElo "2028"]
[BlackElo "2197"]

1. Nf3 d5 2. g3 c5 3. Bg2 Nc6 4. O-O Nf6 5. b3 e5 6. Bb2 Bd6 7. Nc3 O-O 8. Ne1
d4 9. Ne4 Nxe4 10. Bxe4 Bh3 11. Bg2 Qd7 12. c3 Qg4 13. e3 Qe6 14. cxd4 exd4 15.
Qf3 Bg4 16. Bh3 Bxh3 17. exd4 Bxf1 18. dxc5 Be2 19. cxd6 Bxf3 20. Nxf3 Qxd6 0-1

[Event "AUTO-OPEN-4240"]
[Site "http://www.queenalice.com/game.php?id=1637208"]
[Date "2020.12.21"]
[Round "1"]
[White "favazza2007"]
[Black "askasl159"]
[Result "1/2-1/2"]
[WhiteElo "2055"]
[BlackElo "1820"]

1. Nf3 d5 2. g3 Nc6 3. Bg2 e5 4. O-O e4 5. Ne1 Nf6 6. b3 Bc5 7. Ba3 Bxa3 8. Nxa3
Qe7 9. Nb5 O-O 10. d3 a6 11. Nc3 d4 12. Nxe4 Nxe4 13. Bxe4 Bh3 14. Bg2 Bg4 15.
h3 Bxe2 16. Qd2 Bxf1 17. Kxf1 Rfe8 18. Nf3 Qc5 19. a3 Re7 20. b4 Qc3 21. Qxc3
dxc3 22. Re1 Rxe1+ 23. Kxe1 Re8+ 24. Kd1 b5 25. Ng1 Nd4 26. Nf3 Ne6 27. Bf1 c5
28. Be2 cxb4 29. axb4 Ra8 30. Kc1 a5 31. bxa5 Rxa5 32. Kb1 b4 33. h4 f6 34. Bf1
g5 35. Bh3 Nc5 36. hxg5 fxg5 37. Nxg5 Nb3 38. Be6+ Kg7 39. Bxb3 Rxg5 40. Kc1 Rh5
41. Kd1 Re5 42. d4 Re8 43. d5 Kf6 44. Bc4 h5 45. Bb5 Re5 46. Bc4 Kf5 47. d6 Rc5
48. Bb3 Rc6 49. Ke2 Rxd6 50. f3 Rd2+ 51. Ke3 Rd1 52. Bc4 Rd2 53. Bd3+ Kf6 54.
Kd4 Rd1 55. Kc4 Rb1 56. Be2 Kf5 57. g4+ hxg4 1/2-1/2

[Event "AUTO-OPEN-4240"]
[Site "http://www.queenalice.com/game.php?id=1637209"]
[Date "2020.12.21"]
[Round "1"]
[White "askasl159"]
[Black "favazza2007"]
[Result "0-1"]
[WhiteElo "1799"]
[BlackElo "2046"]

1. e4 d5 2. e5 Nc6 3. d4 Bf5 4. Bb5 a6 5. Bxc6+ bxc6 6. Nf3 e6 7. O-O Be7 8. c4
Nh6 9. cxd5 Qxd5 10. Nc3 Qd7 11. Bxh6 gxh6 12. a3 Bg4 13. Qd3 c5 14. Rad1 cxd4
15. Qxd4 Qxd4 16. Rxd4 Bxf3 17. gxf3 Bc5 18. Rc4 Bb6 19. Na4 Rg8+ 20. Kh1 Rg5
21. Nxb6 cxb6 22. f4 Rg4 23. h3 Rg6 24. Rfc1 b5 25. Rc8+ Rxc8 26. Rxc8+ Kd7 27.
Ra8 Kc6 28. Rxa6+ Kd5 29. a4 bxa4 30. Rxa4 f6 31. exf6 Rxf6 32. Kg2 Rf7 33. Kf3
Rb7 34. b4 Kc4 35. Ke4 Kb5 36. Ra1 Rf7 37. Rb1 Rf5 38. f3 Rh5 39. Rh1 Kxb4 40.
Rb1+ Kc5 41. Rb7 Kd6 42. Rxh7 Rxh3 43. f5 exf5+ 44. Kf4 Ke6 45. Rh8 Rh4+ 46. Kg3
Rh5 47. Kf4 Kf6 48. Ra8 Rh4+ 49. Kg3 Rc4 50. Ra6+ Kg5 51. Ra7 f4+ 52. Kh3 Rc5
53. Rg7+ Kh5 54. Rg4 Rf5 55. Rh4+ Kg6 56. Rg4+ Kf6 57. Rg8 Rh5+ 58. Kg4 Rg5+ 59.
Rxg5 hxg5 60. Kh3 Kf5 61. Kg2 g4 62. fxg4+ Kxg4 63. Kf2 f3 64. Kf1 Kf4 65. Kf2
Ke4 66. Kf1 Ke3 67. Ke1 Kd3 68. Kf2 Ke4 0-1

[Event "Challenge"]
[Site "http://www.queenalice.com/game.php?id=1646977"]
[Date "2021.3.18"]
[Round "-"]
[White "favazza2007"]
[Black "JORAM2205"]
[Result "0-1"]
[WhiteElo "1989"]
[BlackElo "1978"]

1. Nf3 d5 2. g3 Nf6 3. Bg2 c6 4. O-O Bg4 5. d3 e6 6. Bg5 Bd6 7. Nbd2 h6 8. Be3
O-O 9. Ne1 c5 10. f3 Bh5 11. g4 Bg6 12. c3 Nc6 13. g5 Nh5 14. gxh6 Qh4 15. h3
Qg3 16. f4 Qxe3+ 17. Rf2 Nxf4 18. Nc2 Qg3 19. hxg7 Nxh3+ 0-1